Регионална библиотека "Любен Каравелов" - Русе

Ведро утро (Запис номер 304538)

MARC детайли
000 -Лидер
Контролно поле с фиксирана дължина 00590nja a2200193 a 4500
003 - Код на организацията, давaща контролен номер
Контролно поле BLK
005 - Дата и час на последна редакция
Контролно поле 20230401030427.0
008 - Елементи от данни с фиксирана дължина
fixed length control field 180414c bul|r|ner|||| 00| c0bul d
010 ## - Наследен системен номер
LC control number NOT00001658009
040 ## - Източник на каталожния запис
Идентификатор на билиотеката - собственик на записа BLK
245 10 - Сведения за заглавието
Заглавие Ведро утро
Редно поле (дума) текст Николай Лилиев.
257 ## - Страна на издаване
Страна на създаване/издаване България
380 ## - Жанр
Жанр Изкуство
700 1# - Други автори (авторска отговорност)
Лично име Лилиев, Николай
Пълна форма на името Попиванов, Николай Михайлов
Дати, свързани с автора 1885-1960
Автороска отговорност (Описва отношението между автора и произведението) текст
Друга информация Попиванов, Николай Михайлов
9 (RLIN) 88821
773 ## - Описание на основна библиографска единица при аналитични записи (многотомни)
Host Biblionumber 304529
Host Itemnumber 656244
Заглавие Компоти от ноти
852 ## - Местоположение
Форматна сигнатура Цб М ІІ 11613
942 ## - АРТИКУЛИ
Вид на библиотечния материал Нотни издания
Скрит в OPAC Не
944 ## - СЪЗДАВАНЕ И РЕДАКЦИЯ на ЗАПИСА
Създаване/Редакция Създаване
Дата на регистрацията/редакция
Служител, извършил регистрацията/редакцията Ирена_Линкова
944 ## - СЪЗДАВАНЕ И РЕДАКЦИЯ на ЗАПИСА
Създаване/Редакция Редакция
Дата на регистрацията/редакция 14.03.2007
Служител, извършил регистрацията/редакцията
999 ## - СИСТЕМНИ КОНТРОЛНИ НОМЕРА
Koha biblionumber 304538
Koha biblioitemnumber 304538
Наличности
Код за отписване Код за изгубен артикул Код за повреда Коз за рестрикции Код за отдаване Артикулен № Име на библиотеката - собственик Име на библиотеката, в която се намира в момента Статус (Текущо местоположение) Дата на вписване в системата Местоположение - отдел Цена в лева Инвентарен номер Систематично азбучна сигнатура Баркод Номер на екземпляра Цена в евро Служебна бележка Служебен тип на артикула Бележка за публиката
  Не е изгубен Не е повреден само за читалня ползва се в читалня 656253 Регионална библиотека "Любен Каравелов" Русе Регионална библиотека "Любен Каравелов" Русе Аналитични записи 2018-04-14 Аналитични записи 0.00 900900001658 Цб М II 11613 900900001658 9 0.00 аналитичен запис Статия Това е описние на част от артикул: Компоти от ноти
Vip Innovations Ltd, Rousse, Bulgaria 2025